000 00680nam a22001937a 4500
999 _c1239
_d1239
003 AR-CdUCM
008 190226b ||||| |||| 00| 0 spa d
040 _aMUNICIPALIDAD PROVINCIAL DEL CUSCO
_cBIBLIOTECA MUNICIPAL DEL CUSCO
082 _a947.084 /
_bST78
245 _aJ. Stalin Lenin /
260 _aMoscú :
_bEdiciones en lenguas extranjeras,
_c1946.
300 _a94 páginas ;
_bIlustraciones.
_c21 cm.
505 _aLenin, organizador y jefe del partido comunista de Rusia -- Apuntes con motivo de la muerte de Lenin -- Lenin ...
650 _aComunismo.
_9495
650 _aU.R.S.S.
_91175
650 _aMoscú.
_94830
942 _2ddc
_cLIBROS
945 _amvr
_d2019-02-26